LEADER 00882nam0-22003131i-450 001 990000768030403321 005 20221012085845.0 035 $a000076803 035 $aFED01000076803 035 $a(Aleph)000076803FED01 035 $a000076803 100 $a20001010d1982----km-y0itay50------ba 101 0 $aita$aeng 102 $aIT 105 $aa-------001yy 200 1 $aAchille Perilli$econtinuum 1947-1982 210 $aMilano$cElecta$dc1982 215 $a119 p.$cin gran parte ill.$d24 cm 300 $aCatalogo della mostra tenutasi nella Repubblica di S. Marino nell'ottobre- novembre 1982 676 $a750.92$v21 702 1$aPerilli,$bAchille 801 0$aIT$bUNINA$gRICA$2UNIMARC 901 $aBK 912 $a990000768030403321 952 $aMON B 565$b13399$fFARBC 959 $aFARBC 996 $aACHILLE Perilli$9350203 997 $aUNINA DB $aING01 LEADER 01111nam a2200277 i 4500 001 991000339049707536 005 20020527111611.0 008 010810s1988 it ||| | ita 035 $ab1006350x-39ule_inst 035 $aPARLA219871$9ExL 040 $aDip.to Filosofia$bita 082 0 $a607.45 100 1 $aBardini Barbafiera, Lola$0460286 245 13$aLa scuola nella società tecnologica :$buna ricerca sviluppata da più autori sui profili formativi nella società tecnologica post-industriale /$cL. Bardini Barbafiera ... [et al.] ; a cura di Giovanni Gozzer 260 $aRoma :$bAnicia,$cc1988 300 $a180 p. ;$c24 cm. 490 0 $aProspettiva 2000 ;$v6 500 $aSegue: Appendici 650 4$aTecnologia - Insegnamento$zItalia 700 1 $aGozzer, Giovanni 907 $a.b1006350x$b17-02-17$c27-06-02 912 $a991000339049707536 945 $aLE005 MF 29 A 19$g1$iLE005A-6711$lle005$o-$pE0.00$q-$rl$s- $t0$u0$v0$w0$x0$y.i10072044$z27-06-02 996 $aScuola nella società tecnologica$9194382 997 $aUNISALENTO 998 $ale005$b01-01-01$cm$da $e-$fita$git $h3$i1